Leçons de géométrie : Géométrie analytique /

Guardado en:
Autor Principal: Postnikov, M. M.
Formato: Libro
Idioma:French
Russian
Publicado: Moscou : Mir, c1981.
Series:Traduit du russe. Mathématiques
Etiquetas: Agregar Etiqueta
Sin Etiquetas, Sea el primero en etiquetar este registro!
LEADER 00649nam a22001935a 4500
001 MAT.inmabb005321
008 090219s1981####ru#a##########001#0#fre#d
005 20130404105241.0
245 1 0 |a Leçons de géométrie :  |b Géométrie analytique /  |c M. Postnikov ; [traduit du russe par Irina Pétrova]. 
260 |a Moscou :  |b Mir,  |c c1981. 
300 |a 279 p. :  |b il. ;  |c cm. 
440 0 |a Traduit du russe.  |p Mathématiques 
020 |a 5030009396 
020 |a 5030009388 
100 1 |a Postnikov, M. M.  |q (Mikhail Mikhailovich) 
246 3 |a Géométrie analytique 
084 |a 51-01 (00A05)  |2 msc2000 
041 1 |a fre  |h rus 
859 |h 51  |i P858  |p A-6406  |b BIB. MATEMATICA